Dignity for all : (Record no. 157256)

MARC details
000 -LEADER
fixed length control field 00645nam a22002177a 4500
003 - CONTROL NUMBER IDENTIFIER
control field dpl
005 - DATE AND TIME OF LATEST TRANSACTION
control field 20180910112048.0
008 - FIXED-LENGTH DATA ELEMENTS--GENERAL INFORMATION
fixed length control field 180910b xxu||||| |||| 00| 0 eng d
010 ## - LIBRARY OF CONGRESS CONTROL NUMBER
LC control number A-711657
020 ## - INTERNATIONAL STANDARD BOOK NUMBER
International Standard Book Number 8120203186
Terms of availability 0.00
040 ## - CATALOGING SOURCE
Original cataloging agency DPL
Language of cataloging EN
Transcribing agency 0
082 ## - DEWEY DECIMAL CLASSIFICATION NUMBER
Classification number 320.531
Item number MAT
245 ## - TITLE STATEMENT
Title Dignity for all :
Remainder of title essays in socialism and democracry
Statement of responsibility, etc ed by George Mathew
250 ## - EDITION STATEMENT
Remainder of edition statement 1991
260 ## - PUBLICATION, DISTRIBUTION, ETC. (IMPRINT)
Place of publication, distribution, etc Delhi
Name of publisher, distributor, etc Ajanta books international
270 ## - ADDRESS
Address 1 UB Jawahar nagar, bungalow road
City Delhi
Postal code 110007
300 ## - PHYSICAL DESCRIPTION
Extent 224p.:
Dimensions 20cm
500 ## - GENERAL NOTE
General note Include Index
700 ## - ADDED ENTRY--PERSONAL NAME
Personal name Mathew, George
942 ## - ADDED ENTRY ELEMENTS (KOHA)
Source of classification or shelving scheme Dewey Decimal Classification
Koha item type English Books
Classification part 320.531
Call number suffix MAT
Holdings
Withdrawn status Lost status Source of classification or shelving scheme Damaged status Not for loan Collection code Home library Current library Date acquired Source of acquisition Cost, normal purchase price Total Checkouts Full call number Barcode Date last seen Cost, replacement price Price effective from Koha item type
    Dewey Decimal Classification     Non-fiction Patel Nagar Patel Nagar 10/09/2018 BPPD/PUB 0.00   320.531 MAT A-711657 10/09/2018 0.00 10/09/2018 English Books

© Delhi Public Library
Hit Counter
free hit counter